000 02018cam a2200217 4500500
005 20260222003250.0
041 _afre
042 _adc
100 1 0 _aLabit, Jean-François
_eauthor
245 0 0 _aEntre texte et prétexte. Une création musicale intergénérationnelle en ehpad
260 _c2013.
500 _a35
520 _aCe récit est une invitation à partager une aventure vécue avec un groupe de résidents en ehpad et une classe d’enfants de l’école du village. Il décrit pas à pas le cheminement effectué pendant neuf mois pour créer et finaliser une production vocale et musicale sous la forme d’un cd audio : Empreintes. Ce projet a créé une synergie entre les divers ateliers à médiation de la structure, notamment avec l’atelier « expressions théâtrales » qui a travaillé sur l’élaboration de récits de vie. Cette création est le fruit d’un travail collectif intergénérationnel ; c’est ce qui fait son originalité et sa richesse. Nous avons souhaité qu’elle puisse être un véritable « outil » à disposition d’autres publics dans d’autres lieux ; c’est pourquoi ce cd offre divers espaces musicaux au service du chant, des percussions, de la danse et autres expressions, et pour terminer, un temps de retour au calme, de rêverie et de détente. Empreintes est une modeste tentative de démonstration que l’on peut rester « vivant » en ehpad et demeurer « sujet » porteur de désirs, capable de créer. La musique est une clef magique qui peut ouvrir le champ des possibles pour toute personne qui accepte de se laisser un peu traverser par elle.
690 _aaventure inédite
690 _acréation musicale intergénérationnelle
690 _alaisser trace
690 _amusicothérapie
690 _atexte-prétexte dans les ateliers à médiation
786 0 _nEmpan | 91 | 3 | 2013-09-01 | p. 105-113 | 1152-3336
856 4 1 _uhttps://shs.cairn.info/revue-empan-2013-3-page-105?lang=fr&redirect-ssocas=7080
999 _c1667343
_d1667343